Central Library OPAC University of Rajshahi

Principles and problems of business education / (Record no. 17383)

MARC details
000 -LEADER
fixed length control field 00942nam a2200265 a 4500
001 - CONTROL NUMBER
control field 17383
003 - CONTROL NUMBER IDENTIFIER
rucl marc code BD-RjUL
005 - DATE AND TIME OF LATEST TRANSACTION
control field 20211209000130.0
008 - FIXED-LENGTH DATA ELEMENTS--GENERAL INFORMATION
fixed length control field 140216s1950 xx 001 0 eng
035 ## - SYSTEM CONTROL NUMBER
System control number (BD-RjUL)17441
040 ## - CATALOGING SOURCE
Original cataloging agency DLC
Transcribing agency PCoR
Modifying agency BD-RjUL
Language of cataloging eng
041 ## - LANGUAGE CODE
Language code of text/sound track or separate title eng
082 00 - DEWEY DECIMAL CLASSIFICATION NUMBER
Classification number 650
Author mark and year WAP 1950
Edition number 23
100 1# - MAIN ENTRY--PERSONAL NAME
Personal name Walters, R. G.
Fuller form of name (Rea Gillespie),
Dates associated with a name 1888-1952.
9 (RLIN) 53566
245 10 - TITLE STATEMENT
Title Principles and problems of business education /
Statement of responsibility, etc. by R. G. Walters and C. A. Nolan.
260 ## - PUBLICATION, DISTRIBUTION, ETC. (IMPRINT)
Place of publication, distribution, etc. Cincinnati :
Name of publisher, distributor, etc. South-Western Pub. Co.,
Date of publication, distribution, etc. c1950.
300 ## - PHYSICAL DESCRIPTION
Pagination ix, 453 p. :
Illustrations ill. ;
Size 23 cm.
490 0# - SERIES STATEMENT
Series statement (South-Western Publications for business teachers, X 87)
504 ## - BIBLIOGRAPHY, ETC. NOTE
Bibliography, etc Includes bibliographies and index.
650 #0 - SUBJECT ADDED ENTRY--TOPICAL TERM
Topical term or geographic name as entry element Business education.
9 (RLIN) 53567
700 1# - ADDED ENTRY--PERSONAL NAME
Personal name Nolan, Carroll Anthony,
Dates associated with a name 1906-
Relator term joint author.
830 ## - SERIES ADDED ENTRY--UNIFORM TITLE
Uniform title (South-Western Publications for business teachers, X 87)
942 ## - ADDED ENTRY ELEMENTS (KOHA)
Source of classification or shelving scheme Dewey Decimal Classification
Koha item type Books
Holdings
Lost status Source of classification or shelving scheme Damaged status Not for loan Collection code Permanent Location Current Location Shelving location Date acquired Source of acquisition Total Checkouts Full call number Date last seen Copy number Koha item type
  Dewey Decimal Classification   Not For Loan Non-fiction Central Library, University of Rajshahi Central Library, University of Rajshahi Reading Room 23/07/1962 Asia Foundation   650 WAP 1950 16/02/2014 C-1 Books
  Dewey Decimal Classification     Non-fiction Central Library, University of Rajshahi Central Library, University of Rajshahi   24/07/1962 Asia Foundation   650 WAP 1950 11/06/2017 C-2 Books